000 00646nam a2200205Ii 4500
003 JO-AjNU
008 230605s9999||||xx |||||||||||||| ||und||
017 _a2004/8/1962
040 _aJO-AjNU
_bara
_erda
_cJO-AjNU
041 _aara
050 1 4 _aP302.H35 2004
100 3 _aالحموي، شريف تأليف ,
_eauthor
_935902
245 0 0 _aإنتاج المواد المكتوبة
264 3 1 _aعمان:دار يافا للنشر,2004
300 _a192ص
336 _atext
_btxt
_2rdacontent
337 _aunmediated
_bn
_2rdamedia
338 _avolume
_bnc
_2rdacarrier
650 4 _aالطباعة-المواد المكتوبة
_935903
999 _aA14866
_c18434
_d18434